000 02186nam a22001577a 4500
041 _aukr
080 _a09
090 _bПЕТ
100 _aПетрук В.В.
245 _aВикористання медіа технологій в комунікативній методиці вивчення англійської мови
260 _aОстрог
_bКАФ
_c2010
300 _a45
520 _aВСТУП РОЗДІЛ 1 ТЕОРЕТИЧНІ ОСНОВИ ВИКОРИСТАННЯ ІНТЕРНЕТУ В ПРОЦЕСІ ВИКЛАДАННЯ ІНОЗЕМНИХ МОВ 1.1 Основи використання Інтернету в процесі навчання. 1.2 Використання інформаційних технологій на заняттях під час вивчення іноземної мови. РОЗДІЛ 2 ВИКОРИСТАННЯ ГЛОБАЛЬНОЇ МЕРЕЖІ В КОМУНІКАТИВНИХ МЕТОДИКАХ ВИВЧЕННЯ АНГЛІЙСЬКОЇ МОВИ 2.1 Комунікативні можливості глобальної мережі при навчання студентів-філологів. 2.2 Значення мережі Інтернет при вивченні іноземних мов. РОЗДІЛ 3 ОСНОВНІ ЗАСОБИ ІНТЕРНЕТУ ДЛЯ ВИВЧЕННЯ ІНОЗЕМНОЇ МОВИ 3.1 Ресурси глобальної мережі для вивчення іноземної мови. РОЗДІЛ 4 ОСНОВИ ЗАСТОСУВАННЯ ЗАСОБІВ МУЛЬТИМЕДІА В КОМУНІКАТИВНІЙ МЕТОДИЦІ НАВЧАННЯ АНГЛІЙСЬКОЇ МОВИ 4.1 Теоретичні основи побудови комунікативної методики навчання студентів в умовах мультимедіа при вивченні іноземних мов. 4.2 Вплив використання мультимедіа-ресурсів на заняттях англійської мови. ВИСНОВКИ
_0Інтернет, іноземна мова, комунікація, мультимедіа
650 _aResearch Papers
999 _c284236
_d284236
942 _cBK